000 00358nam a2200145Ia 4500
008 230917s9999||||xx |||||||||||||| ||und||
040 _e134059
_aMAIN
041 _aEnglish
082 _a658.3 U7H
100 _aUlrich, Dave
245 0 _aHR value proposition
260 _aBoston
_bHarvard Business School Press
_c2005
300 _a316p p.
942 _cBK
999 _c130868
_d130868